000 00357nam a2200133Ia 4500
005 20260328101447.0
008 260328s9999||||xx |||||||||||||| ||und||
100 _aAsensio Cerver, Francisco
245 0 _aDiseñar con plástico /
_cFrancisco Asensio Cerver
260 _bMaomao Publications
300 _a335 p.
650 _aDISEÑO INDUSTRIAL
942 _cBK
999 _c8511
_d8511